00359 2200157 4500245004700000020001800047250001000065100001700075700001500092650001000107005001900117260003100136041001400167084001100181336000900192 aMy Psychopat BoyfriendcBayu PermanahText a9786025508165 acet 2 aBayu Permana aAnggia Eka aNovel a20240903095151 aDepokbCoconut Booksc2019 aIndonesia a808.83 atext